Налоги и налогообложение: учебное пособие

Detalhes bibliográficos
Autor principal: Перов А. В. Александр Владимирович
Outros Autores: Толкушкин А. В. Александр Владимирович
Resumo:Содержание учебного пособия полностью соответствует Государственному образовательному стандарту высшего профессионального образования по учебной дисциплине «Налоги и налогообложение». Даны характеристики всех видов налогов, взимаемых в Российской Федерации, показаны особенности налоговых систем ведущих развитых стран. Особое внимание уделено правам, обязанностям, ответственности налогоплательщиков, налоговому контролю. В седьмом издании учтены все изменения в законодательстве о налогах и сборах на 1 мая 2006 г. Учебный материал излагается доступным языком, четко, последовательно, в необходимом объеме. Предназначено для студентов и преподавателей высших учебных заведений, а также в качестве базового курса для подготовки специалистов в сфере налогообложения.
Idioma:russo
Publicado em: Москва, Юрайт, 2007
Edição:7-е изд., перераб. и доп.
Assuntos:
Formato: MixedMaterials Livro
KOHA link:https://koha.lib.tpu.ru/cgi-bin/koha/opac-detail.pl?biblionumber=111651

MARC

LEADER 00000nam0a2200000 4500
001 111651
005 20231101215017.0
010 |a 5948795527 
035 |a (RuTPU)RU\TPU\book\120587 
090 |a 111651 
100 |a 20070319d2007 m y0rusy50 ca 
101 0 |a rus 
102 |a RU 
105 |a y j 001zy 
200 1 |a Налоги и налогообложение  |e учебное пособие  |f А. В. Перов, А. В. Толкушкин 
205 |a 7-е изд., перераб. и доп. 
210 |a Москва  |c Юрайт  |d 2007 
215 |a 810 с. 
320 |a Алфавитно-предметный указатель: с. 805-810. 
330 |a Содержание учебного пособия полностью соответствует Государственному образовательному стандарту высшего профессионального образования по учебной дисциплине «Налоги и налогообложение». Даны характеристики всех видов налогов, взимаемых в Российской Федерации, показаны особенности налоговых систем ведущих развитых стран. Особое внимание уделено правам, обязанностям, ответственности налогоплательщиков, налоговому контролю. В седьмом издании учтены все изменения в законодательстве о налогах и сборах на 1 мая 2006 г. Учебный материал излагается доступным языком, четко, последовательно, в необходимом объеме. Предназначено для студентов и преподавателей высших учебных заведений, а также в качестве базового курса для подготовки специалистов в сфере налогообложения. 
451 1 |0 (RuTPU)RU\TPU\book\138008  |y 978-5-94879-812-7  |t Налоги и налогообложение  |o учебное пособие  |f А. В. Перов, А. В. Толкушкин  |e 8- изд., перераб. и доп.  |c М.  |n Юрайт  |d 2007  |p 939 с.   |a Перов, Александр Владимирович 
451 1 |0 (RuTPU)RU\TPU\book\108468  |y 5-94879-334-6  |t Налоги и налогообложение  |o учебное пособие  |f А. В. Перов, А. В. Толкушкин  |e 5-е изд., перераб. и доп.  |c М.  |n Юрайт-Издат  |d 2005  |p 720 с.  |a Перов, Александр Владимирович 
606 1 |a Налоги  |2 stltpush  |3 (RuTPU)RU\TPU\subj\36467  |9 57834 
610 1 |a экономика 
610 1 |a финансы 
610 1 |a доходы 
610 1 |a налоги 
610 1 |a налогообложение 
610 1 |a зарубежные страны 
610 1 |a Российская Федерация 
610 1 |a налоговое право 
610 1 |a сборы 
610 1 |a налоговый кодекс 
610 1 |a налоговая система 
610 1 |a налоговые органы 
610 1 |a взыскания 
610 1 |a исполнение 
610 1 |a налоговая отчетность 
610 1 |a налоговый контроль 
610 1 |a налоговые проверки 
610 1 |a налоговые правонарушения 
610 1 |a федеральные налоги 
610 1 |a акцизы 
610 1 |a таможенная пошлина 
610 1 |a единый социальный налог 
610 1 |a государственная пошлина 
610 1 |a единый сельскохозяйственный налог 
610 1 |a региональные налоги 
610 1 |a транспортный налог 
610 1 |a налог на имущество организаций 
610 1 |a налоги с физических лиц 
610 1 |a земельный налог 
610 1 |a учебные пособия 
610 1 |a типология 
686 |a У9(2)261.4я73  |v LBC/SL-A  |2 rubbk 
686 |a Х622я73  |v LBC/SL-A  |2 rubbk 
700 1 |a Перов  |b А. В.  |g Александр Владимирович 
701 1 |a Толкушкин  |b А. В.  |g Александр Владимирович 
801 1 |a RU  |b 63413507  |c 20070319  |g PSBO 
801 2 |a RU  |b 63413507  |c 20211014  |g PSBO 
942 |c BK 
959 |a 24/20070227  |d 3  |e 179,00  |f АНЛ:2  |f ЧЗГЛ:1